00859nam a22002177a 4500003000900000008004100009020001500050040007100065082001800136100002500154245003200179260003500211300002800246440004500274505016900319650002400488650002400512650003000536700003900566700003600605AR-CdUCM190225b ||||| |||| 00| 0 spa d a8482801848 aMUNICIPALIDAD PROVINCIAL DEL CUSCOcBIBLIOTECA MUNICIPAL DEL CUSCO a848.57 /bV85 aVoltaire, François aCándido y otros cuentos / aBogota: bOveja negra, c1984. a207 páginas ;c18 cm. aHistoria universal de la literatura.n84 aContenido: Cándido o el optimismo -- El ingenuo -- Micromegas. Historia filosófica -- El blanco y el negro -- Juanillo y Perico -- Memnon o la sabiduria humana. aLiteratura francesa aCuentos siglo XVIII aTraducciones al español a Picazo, María Dolores (editora) aGutiérrez, Fátima (editora)